[Event "El Ksiba op"]
[Site "El Ksiba"]
[Date "2019.04.10"]
[Round "5"]
[White "Rafyk, Ali"]
[Black "Kukov, Velislav"]
[Result "1/2-1/2"]
[WhiteElo "2000"]
[BlackElo "2351"]
[PlyCount "64"]
[EventDate "2019.04.08"]
[EventType "swiss"]
[EventRounds "9"]
[EventCountry "MAR"]
[SourceTitle "CBM 189 Extra"]
[Source "ChessBase"]
[SourceDate "2019.05.31"]
[SourceVersion "1"]
[SourceVersionDate "2019.05.31"]
[SourceQuality "1"]

1. c4 Nc6 2. Nc3 e5 3. g3 Bc5 4. Bg2 a6 5. d3 d6 6. Nf3 Nf6 7. 0-0 0-0 8. a3 h6 9. b4 Ba7 10. h3 Be6 11. Bb2 Nh5 12. e3 f5 13. b5 axb5 14. cxb5 Na5 15. Nd2 Nf6 16. Ne2 Qd7 17. a4 f4 18. exf4 Bxh3 19. Bc3 Bxg2 20. Kxg2 Bb6 21. Bxa5 Bxa5 22. Nc4 Qf7 23. Nxa5 Rxa5 24. fxe5 dxe5 25. Nc3 Nd5 26. Nxd5 Qxd5+ 27. Kg1 Raa8 28. Qe2 b6 29. Qe4 Qxe4 30. dxe4 Rfd8 31. Rfc1 Ra7 32. Rc4 Rd7 1/2-1/2